Seven New Testament soul-winners. (Record no. 5092)

000 -LEADER
fixed length control field 00646nam a2200193 a 4500
001 - CONTROL NUMBER
control field :::00002833$&:&@@
003 - CONTROL NUMBER IDENTIFIER
control field OkBaRHE
005 - DATE AND TIME OF LATEST TRANSACTION
control field 20000607103257.0
008 - FIXED-LENGTH DATA ELEMENTS--GENERAL INFORMATION
fixed length control field s1939 j 000 0 eng u
040 ## - CATALOGING SOURCE
Transcribing agency
100 1# - MAIN ENTRY--PERSONAL NAME
Personal name Riley, W. B. (William Bell), 1861-
245 10 - TITLE STATEMENT
Title Seven New Testament soul-winners.
260 ## - PUBLICATION, DISTRIBUTION, ETC. (IMPRINT)
Place of publication, distribution, etc Grand Rapids, MI., :
Name of publisher, distributor, etc Wm. B. Eerdmans Publishing Company
Date of publication, distribution, etc c1939
300 ## - PHYSICAL DESCRIPTION
Extent 96 p. ;
Dimensions 20 cm.
650 ## - SUBJECT ADDED ENTRY--TOPICAL TERM
Topical term or geographic name as entry element Bible New Testament
General subdivision Biography
650 ## - SUBJECT ADDED ENTRY--TOPICAL TERM
Topical term or geographic name as entry element Evangelistic Work
General subdivision Study and Teaching
942 ## - ADDED ENTRY ELEMENTS (KOHA)
Source of classification or shelving scheme
Koha item type Books
Copies
Not for loan Koha item type Barcode Full call number Lost status Copy number Permanent Location Date acquired Source of classification or shelving scheme Shelving location Damaged status Price effective from Withdrawn status Date last seen
 Books2833BS 2430 .R486 1RHEMA Bible Training College2010-04-14 General Stacks 2010-04-14 2018-03-16